Prosthodontic treatment for edentulous patients (Registro nro. 553)
[ vista simple ]
| 000 -Cabecera | |
|---|---|
| Campo de control de longitud fija | 00840aam a2200313 4500 |
| 005 - Fecha y hora de la última transacción | |
| Campo de control | 20260313153136.0 |
| 008 - Elementos de longitud fija--Información general | |
| Campo de control de longitud fija | 150810b1975 xxu||||| |||| 00| 0 eng d |
| 020 ## - International Standard Book Number | |
| Número Internacional Estándar del Libro (ISBN) | 0801607248 |
| 041 ## - Idioma | |
| Código de idioma | Inglés |
| 082 ## - Clasificación Decimal Dewey | |
| Número de clasificación | 617.69 B753p7 |
| 100 ## - Entrada principal--Autor personal | |
| Nombre personal | Boucher, Carl |
| 9 (RLIN) | 18482 |
| 100 ## - Entrada principal--Autor personal | |
| Nombre personal | Hickey, Judson |
| 9 (RLIN) | 18483 |
| 100 ## - Entrada principal--Autor personal | |
| Nombre personal | Zarb, George |
| 245 ## - Título propiamente dicho | |
| Título | Prosthodontic treatment for edentulous patients |
| 250 ## - Edición | |
| Mención de edición | 7 edición |
| 260 ## - Pie de imprenta | |
| Lugar de publicación, distribución, etc. | Estados Unidos |
| 260 ## - Pie de imprenta | |
| Nombre del editor, distribuidor, etc. | Mosby |
| 260 ## - Pie de imprenta | |
| Fecha de publicación, distribución, etc. | 1975 |
| 300 ## - Descripción física | |
| Extensión | 623 páginas |
| 300 ## - Descripción física | |
| Otras características físicas | Ilustraciones a blanco y negro |
| 490 ## - Serie | |
| Título de la Serie | Mecánica Dental |
| 500 ## - Nota general | |
| Nota general | Disponible en idioma inglés |
| 650 ## - Materia general | |
| Temática (materia general) | PRÓTESIS DENTALES |
| 650 ## - Materia general | |
| Temática (materia general) | ODONTOLOGÍA RESTAURATIVA |
| 650 ## - Materia general | |
| Temática (materia general) | PACIENTES EDÉNTULOS |
| 650 ## - Materia general | |
| Temática (materia general) | REHABILITACIÓN ORAL |
| 650 ## - Materia general | |
| Temática (materia general) | ARTICULADORES |
| 942 ## - Punto de acceso adicional KOHA | |
| Tipo de ítem KOHA | Libro |
| Fuente del sistema de clasificación o colocación | Dewey Decimal Classification |
| Signatura completa | Código de barras | Programa Académico | Tipo de ítem |
|---|---|---|---|
| 617.69 B753p | 1153 | Mecánica Dental | Libro |